000 00539nam a2200217Ia 4500
005 20241216010449.0
008 180423s9999||||xx |||||||||||||| ||und||
082 _a537
_bI61
100 _aINTERNATIONAL PETROLEUM COMPANY
245 0 _aCURSO DE ELECTRICIDAD PRACTICA
250 _a0
260 _c199
300 _a33 pag
_c27 cm
341 _h0
490 _v0
_a0
505 _aELECTRICIDAD-ESTATICA/CIRCUITOS-SISTEMA POLIFASICO
541 _aC
_d05-May-94
650 _aCIENCIAS PURAS
856 _zCC. Puras
942 _cLIBRO
999 _c15135
_d15135